SPORCLE Baby Names Quiz Stats

 Plays Quiz Updated Nov 20, 2017

Challenge
Share
Tweet
Embed
Score 0/70 Timer 05:00
0 Plays Today
Initial Name % Correct
USA - GirlsOlivia
72.1%
England & Wales - GirlsOlivia
72.1%
New Zealand - GirlsOlivia
72.1%
Scotland - GirlsOlivia
72.1%
Northern Ireland - GirlsOlivia
72.1%
USA - BoysOliver
62.9%
England & Wales - BoysOliver
62.9%
New Zealand - BoysOliver
62.9%
Scotland - BoysOliver
62.9%
USA - GirlsEmma
55.9%
Northern Ireland - BoysOliver
54.5%
USA - BoysSamuel
54.1%
England & Wales - BoysSamuel
54.1%
New Zealand - BoysSamuel
54.1%
Scotland - BoysSamuel
54.1%
England & Wales - GirlsEmily
53.6%
Scotland - GirlsEmily
53.6%
Northern Ireland - GirlsEmily
53.6%
England & Wales - GirlsSophia
49%
USA - GirlsSophia
48.8%
Scotland - GirlsSophie
46.6%
New Zealand - GirlsSophie
46.6%
Northern Ireland - GirlsSophie
46.6%
England & Wales - BoysPatrick
46.3%
New Zealand - BoysPatrick
46.3%
Scotland - BoysPatrick
46.3%
Northern Ireland - BoysPatrick
46.3%
USA - BoysLiam
44.2%
England & Wales - BoysEthan
40.9%
Scotland - BoysEthan
40.9%
New Zealand - BoysEthan
40.9%
Northern Ireland - BoysEthan
40.9%
USA - BoysRyan
40.2%
New Zealand - BoysRyan
40.2%
New Zealand - GirlsElla
36.6%
Initial Name % Correct
USA - GirlsCharlotte
35.6%
New Zealand - GirlsCharlotte
35.6%
England & Wales - GirlsCharlotte
34.9%
Scotland - GirlsCharlotte
34.9%
Northern Ireland - GirlsCharlotte
34.9%
USA - GirlsLily
34.7%
England & Wales - GirlsLily
34.7%
Northern Ireland - BoysSean
34.5%
New Zealand - GirlsLily
33.2%
Northern Ireland - GirlsLily
33.2%
England & Wales - BoysCharlie
31.6%
New Zealand - BoysCharlie
31.6%
Scotland - BoysCharlie
31.6%
USA - GirlsPenelope
30%
Northern Ireland - BoysCharlie
28.3%
Northern Ireland - BoysLeo
27.1%
England & Wales - BoysLeo
26.5%
Scotland - GirlsLucy
25.8%
New Zealand - BoysLucas
25.7%
USA - GirlsRiley
21.3%
England & Wales - BoysRiley
21.3%
USA - BoysElijah
18.9%
England & Wales - GirlsPoppy
17.9%
Scotland - GirlsPoppy
17.9%
Northern Ireland - GirlsPoppy
17.9%
England & Wales - GirlsRuby
17.5%
New Zealand - GirlsRuby
17.5%
Scotland - GirlsRuby
17.5%
Northern Ireland - GirlsRuby
17.5%
Scotland - BoysLewis
14%
USA - BoysParker
12.9%
USA - BoysCarter
12.3%
New Zealand - GirlsPaige
12.3%
Northern Ireland - BoysRonan
9.5%
Scotland - BoysRory
9.4%

You're not logged in!

Compare scores with friends on all Sporcle quizzes.
Join for Free
OR
Log In

You Might Also Like...

Show Comments

Extras

Top Quizzes Today


Score Distribution

Your Account Isn't Verified!

In order to create a playlist on Sporcle, you need to verify the email address you used during registration. Go to your Sporcle Settings to finish the process.

Report this User

Report this user for behavior that violates our Community Guidelines.

Details: